000 01483nam a2200265 i 4500
001 37533
003 ES-MaACL
005 20250820063024.0
007 t|
008 030317s1890 sp ||||1| spa d
080 _a929(460)"15/18":61
100 1 _aComenge y Ferrer, Luis,
_d1854-1916
_9126554
245 1 0 _aEstafeta de los muertos /
_cpor D. Luis Comenge y D. José de Letamendi.
260 _aMadrid :
_b[s.n.],
_c1890 (
_fEstab. Tip. de Fortanet)
300 _a63 p. :
_bil. ;
_c24 cm.
505 8 _aContiene: Al que leyere / E. Suénder . Al Dr. D. E. Suénder: epístola de un exvivo en que se tratan asuntos de medicina / Dr. Fernando de Mena ; por la copia y corrección, Luscinda Protoplasma de Sangredo . Carta al espíritu del preclaro Dr. Francisco Díaz... Enderezatorio: a la muy conspicua, discreta y jugosa señora doctora Doña Luscinda Protoplasma de Sangredo... / José de Letamendi . Epístola: venerable espíritu del que fue en vida doctor Francisco Díaz... / José de Letamendi
530 _aDisponible en formato digital.
594 _aFernando de Mena y Lucinda Protoplasma son seud. de Luis Comenge y Ferrer.
650 4 _aMédicos-
_zEspaña-
_vBiografías.
_9144463
700 1 _aLetamendi, José de,
_d1828-1897
_971873
700 1 _aSuénder, Enrique (
_d1829-1897)
_9108728
852 _aES-MaACL
_jT-1111-F-5
856 _uhttp://bdh-rd.bne.es/viewer.vm?id=0000076172&page=1
_zBiblioteca Digital Hispánica
999 _c37533
_d37533